01553nam a2200361 a 4500001001200000003000800012006001900020007001500039008004100054010001700095020001500112020001800127020002700145040002100172035002100193043001200214050002600226082002700252100002500279245013200304260004600436300002900482504006600511533015200577650006200729650007800791650007700869650005400946655002901000710001701029856012601046999001901172ebr10445313CaPaEBRm u cr cn|||||||||040212s2003 enkab sb 001 0 eng d z 2004296869 z1860648908 z9781860648908 z9780857718440 (e-book) aCaPaEBRcCaPaEBR a(OCoLC)708566762 ae-uk---14aHQ76.2.G7bC63 2003eb04a306.76/6/0941090342221 aCocks, Harry,d1968-10aNameless offencesh[electronic resource] :bspeaking of male homosexual desire in the nineteenth-century England /cH.G. Cocks. aLondon ;aNew York :bI.B. Tauris,c2003. ax, 258 p. :bill., maps. aIncludes bibliographical references (p. [227]-251) and index. aElectronic reproduction.bPalo Alto, Calif. :cebrary,d2013.nAvailable via World Wide Web.nAccess may be limited to ebrary affiliated libraries. 0aMale homosexualityzGreat BritainxHistoryy19th century. 0aHomosexualityxLaw and legislationzGreat BritainxHistoryy19th century. 0aGay menxLegal status, laws, etc.zGreat BritainxHistoryy19th century. 0aHomophobiazGreat BritainxHistoryy19th century. 7aElectronic books.2local2 aebrary, Inc.40uhttp://site.ebrary.com/lib/rucke/Doc?id=10445313zAn electronic book accessible through the World Wide Web; click to view c246855d246855